| 000 | 01342nam0a2200313 4500 | ||
|---|---|---|---|
| 001 | RU\NLR\bibl\1227940 | ||
| 005 | 20260405072405.0 | ||
| 010 |
_a978-5-482-01731-9 _91000 |
||
| 021 |
_aRU _b2008-22578 _91238 |
||
| 035 | _a(NLR Aleph) 001214235 | ||
| 090 |
_a97534 _c97534 |
||
| 100 | _a20080516d2007 |||y0rusy50 ca | ||
| 101 | 0 | _arus | |
| 102 | _aRU | ||
| 105 | _ay ||||||||| | ||
| 200 | 1 |
_aАнгло-американское уголовное право: эволюция и современное состояние общей части _eмонография _fГ.А. Есаков _gМоск. гос. юрид. акад. |
|
| 210 |
_aМосква _cТК Велби _cПроспект _d2007 |
||
| 215 |
_a734 с. _d20 |
||
| 320 | _aБиблиогр. в подстроч. примеч. | ||
| 606 | 1 |
_aУголовное право _yВеликобритания _91822130 _3RU\NLR\auth\66823112 |
|
| 606 | 1 |
_aУголовное право _yСоединенные Штаты Америки _91952548 _3RU\NLR\auth\66893209 |
|
| 686 | _aХ881.9(4Вл) | ||
| 686 | _aХ881.9(7США) | ||
| 700 | 1 |
_4070 _8rus _7ca _aЕсаков _bГ. А. _f1978- _gГеннадий Александрович _3RU\NLR\auth\7719080 _92154 |
|
| 801 | 0 |
_aRU _bNLR _c20080516 _gRCR |
|
| 801 | 1 |
_aRU _bNLR _c20080516 |
|
| 942 | _cBOOK | ||
| 980 | _aNB | ||